[Event "Medellin de La Raza U2000 op"]
[Site "Medellin"]
[Date "2023.10.14"]
[Round "4"]
[White "Narvaez Berrio, Alexander"]
[Black "Agudelo Lopera, Diego Alexander"]
[Result "0-1"]
[WhiteElo "1364"]
[BlackElo "1630"]
[PlyCount "84"]
[EventDate "2023.10.12"]
[EventType "swiss"]
[EventRounds "9"]
[EventCountry "COL"]
[SourceTitle "CBM 216 Extra"]
[Source "ChessBase"]
[SourceDate "2023.11.30"]
[SourceVersion "1"]
[SourceVersionDate "2023.11.30"]
[SourceQuality "1"]

1. e4 c6 2. Nf3 d6 3. d4 Qc7 4. Nc3 e5 5. d5 h6 6. h3 Nf6 7. Bd3 Be7 8. Qe2 Nbd7 9. dxc6 bxc6 10. 0-0 0-0 11. Nh4 Nc5 12. Be3 Nxd3 13. cxd3 Nxe4 14. Nxe4 Bxh4 15. Qh5 f5 16. Qxh4 fxe4 17. Qxe4 Bf5 18. Qc4+ d5 19. Qc5 Bxd3 20. Rfd1 e4 21. Rac1 Rac8 22. Qxa7 Qxa7 23. Bxa7 Ra8 24. Bc5 Rfc8 25. f3 Kf7 26. fxe4 dxe4 27. a3 Ke6 28. Rc3 Ra5 29. b4 Ra4 30. Kf2 Rca8 31. Ra1 h5 32. Bd4 g5 33. Rxc6+ Kd5 34. Rc5+ Kxd4 35. Rxg5 h4 36. b5 Rf8+ 37. Kg1 e3 38. Rg4+ Be4 39. b6 Kd3 40. Rb1 e2 41. Rb3+ Kd2 42. Rxe4 Rxe4 0-1